[Event "BdF-Smaragd 10 email"]
[Site "GER email"]
[Date "2019.06.19"]
[Round "?"]
[White "Berger, Gerhard"]
[Black "Luethi, Thomas"]
[Result "0-1"]
[WhiteElo "1792"]
[BlackElo "1921"]
[PlyCount "42"]
[EventDate "2019.??.??"]
[EventType "tourn (corr)"]
[EventRounds "16"]
[EventCountry "GER"]
[SourceTitle "Corr 2022"]
[Source "ChessBase"]
[SourceDate "2021.10.24"]
[SourceVersion "1"]
[SourceVersionDate "2021.10.24"]
[SourceQuality "1"]

1. d4 d5 2. c4 e6 3. Nf3 Nf6 4. Nc3 Be7 5. Bf4 0-0 6. Qc2 c5 7. e3 Nbd7 8. cxd5 cxd4 9. exd4 Nxd5 10. Bg3 N7f6 11. a3 b6 12. Be2 Bb7 13. 0-0 Rc8 14. Rfd1 b5 15. Qd3 Nxc3 16. bxc3 Ne4 17. Rdc1 Qa5 18. c4 bxc4 19. Rxc4 Nxg3 20. hxg3 Ba6 21. Nd2 Bb4 0-1

[Event "BdF-Smaragd 10 email"]
[Site "GER email"]
[Date "2019.06.19"]
[Round "?"]
[White "Mueller Toepler, Michael"]
[Black "Berger, Gerhard"]
[Result "1-0"]
[WhiteElo "1886"]
[BlackElo "1792"]
[PlyCount "49"]
[EventDate "2019.??.??"]
[EventType "tourn (corr)"]
[EventRounds "16"]
[EventCountry "GER"]
[SourceTitle "Corr 2020"]
[Source "ChessBase"]
[SourceDate "2019.09.30"]
[SourceVersion "1"]
[SourceVersionDate "2019.09.30"]
[SourceQuality "1"]

1. e4 e6 2. d4 d5 3. exd5 exd5 4. Qe2+ Be6 5. Qb5+ Nd7 6. Qxb7 Nb6 7. Bb5+ Bd7 8. Bxd7+ Qxd7 9. Nc3 Nf6 10. Nf3 Bd6 11. 0-0 0-0 12. Qa6 Rfe8 13. Nb5 Qc8 14. Qxc8 Nxc8 15. Re1 Rxe1+ 16. Nxe1 Rb8 17. Nxd6 Nxd6 18. Nd3 h6 19. Bf4 Rd8 20. Re1 Re8 21. Rxe8+ Nfxe8 22. Nb4 Nf6 23. a4 a5 24. Bxd6 cxd6 25. Nc6 1-0

[Event "GER T276-C40-S email"]
[Site "GER email"]
[Date "2018.03.15"]
[Round "?"]
[White "Wernitz, Helmut"]
[Black "Berger, Gerhard"]
[Result "1-0"]
[WhiteElo "1789"]
[BlackElo "1605"]
[PlyCount "63"]
[EventDate "2018.03.26"]
[EventType "tourn (corr)"]
[EventRounds "8"]
[EventCountry "GER"]
[SourceTitle "Corr 2022"]
[Source "ChessBase"]
[SourceDate "2021.10.24"]
[SourceVersion "1"]
[SourceVersionDate "2021.10.24"]
[SourceQuality "1"]

1. e4 e5 2. Nf3 f5 3. Nxe5 Qf6 4. Nc4 fxe4 5. Nc3 Qf7 6. d4 Nf6 7. Bg5 Bb4 8. Ne5 Qe6 9. Be2 d6 10. Nc4 Nd5 11. Qd2 Qg6 12. h4 h6 13. Ne3 Bxc3 14. bxc3 Be6 15. Nxd5 Bxd5 16. c4 hxg5 17. cxd5 gxh4 18. Qf4 Nd7 19. Rxh4 Rxh4 20. Qxh4 Qxg2 21. Rb1 e3 22. Rxb7 exf2+ 23. Qxf2 Qxd5 24. Qe3+ Kd8 25. Bf3 Qxa2 26. Qg5+ Nf6 27. Qxg7 Qe6+ 28. Kd2 Ne8 29. Qh7 Qf6 30. Rb3 Qxd4+ 31. Ke2 Rc8 32. Re3 1-0

[Event "DESC SMT10 email"]
[Site "DESC email"]
[Date "2015.06.21"]
[Round "7"]
[White "Berger, Gerhard"]
[Black "Reussner, Hans Dieter"]
[Result "1-0"]
[WhiteElo "1620"]
[BlackElo "1567"]
[PlyCount "35"]
[EventDate "2015.06.21"]
[EventType "team-tourn (corr)"]
[EventRounds "7"]
[EventCountry "GER"]
[SourceTitle "Corr 2022"]
[Source "ChessBase"]
[SourceDate "2021.10.24"]
[SourceVersion "1"]
[SourceVersionDate "2021.10.24"]
[SourceQuality "1"]

1. e4 e6 2. d4 Nc6 3. Nc3 Nf6 4. Bb5 Bb4 5. Qd3 d5 6. exd5 exd5 7. Nge2 0-0 8. 0-0 Bd6 9. Re1 Nb4 10. Qd2 a6 11. Ba4 Bd7 12. Bb3 a5 13. a3 a4 14. Bxa4 Rxa4 15. Nxa4 Ne4 16. Qd1 Bxh2+ 17. Kf1 Qh4 18. Be3 1-0

[Event "DESC SMT10 email"]
[Site "DESC email"]
[Date "2015.06.21"]
[Round "1"]
[White "Berger, Gerhard"]
[Black "Stoelzel, Werner"]
[Result "1-0"]
[WhiteElo "1620"]
[BlackElo "1528"]
[PlyCount "53"]
[EventDate "2015.06.21"]
[EventType "team-tourn (corr)"]
[EventRounds "7"]
[EventCountry "GER"]
[SourceTitle "Corr 2022"]
[Source "ChessBase"]
[SourceDate "2021.10.24"]
[SourceVersion "1"]
[SourceVersionDate "2021.10.24"]
[SourceQuality "1"]

1. e4 e6 2. d4 d5 3. Nc3 dxe4 4. Nxe4 Nf6 5. Nxf6+ Qxf6 6. Nf3 h6 7. Bd3 Bd6 8. 0-0 Nc6 9. c3 Bd7 10. Re1 0-0-0 11. b4 Kb8 12. a4 Ne7 13. Ne5 Nd5 14. Qc2 Nf4 15. Bxf4 Qxf4 16. Re4 Qf5 17. Re3 Qf6 18. Rf3 Qh4 19. g3 Qh5 20. Rxf7 Bxe5 21. Bg6 Qh3 22. dxe5 Qg4 23. b5 Be8 24. Rxg7 Rd5 25. Re1 Rf8 26. Qe4 Bxg6 27. Qxg4 1-0

[Event "DESC SMT10 email"]
[Site "DESC email"]
[Date "2015.06.21"]
[Round "2"]
[White "Neumann, Frank"]
[Black "Berger, Gerhard"]
[Result "0-1"]
[WhiteElo "1374"]
[BlackElo "1620"]
[PlyCount "56"]
[EventDate "2015.06.21"]
[EventType "team-tourn (corr)"]
[EventRounds "7"]
[EventCountry "GER"]
[SourceTitle "Corr 2022"]
[Source "ChessBase"]
[SourceDate "2021.10.24"]
[SourceVersion "1"]
[SourceVersionDate "2021.10.24"]
[SourceQuality "1"]

1. Nf3 Nf6 2. c4 e6 3. e3 Nc6 4. Be2 d5 5. 0-0 d4 6. exd4 Nxd4 7. Nxd4 Qxd4 8. Qc2 Bd6 9. g3 Bd7 10. Bf3 0-0-0 11. Qc3 e5 12. Qxd4 exd4 13. b3 Rhe8 14. Bb2 Bc5 15. d3 Bg4 16. Bxg4+ Nxg4 17. Nd2 Ne5 18. Ne4 Nxd3 19. Nxc5 Nxb2 20. Rab1 Re2 21. Rfd1 Nxd1 22. Rxd1 Rxa2 23. Kg2 a5 24. Ne4 d3 25. Nd2 Rb2 26. Kf3 Re8 27. Ne4 f5 28. Nc5 d2 0-1

[Event "Remote email"]
[Site "Remote email"]
[Date "2014.05.03"]
[Round "?"]
[White "Buhlmann, Werner"]
[Black "Berger, Gerhard"]
[Result "1/2-1/2"]
[WhiteElo "2144"]
[BlackElo "2055"]
[PlyCount "69"]
[EventDate "2014.??.??"]
[EventType "tourn (corr)"]
[EventRounds "6"]
[EventCountry "GER"]
[SourceTitle "Corr 2015"]
[Source "ChessBase"]
[SourceDate "2015.07.17"]
[SourceVersion "1"]
[SourceVersionDate "2015.07.17"]
[SourceQuality "1"]

1. e4 e6 2. d4 d5 3. exd5 exd5 4. Nf3 Nf6 5. Bd3 Bd6 6. 0-0 0-0 7. Bg5 Bg4 8. c3 h6 9. Bh4 Re8 10. h3 Bd7 11. Qc2 Nc6 12. Nbd2 Qe7 13. Rfe1 Qf8 14. Bxf6 gxf6 15. Bh7+ Kh8 16. Bf5 Be6 17. Nh4 Ne7 18. Bxe6 fxe6 19. Rxe6 Qg7 20. Rae1 Rg8 21. g3 Rae8 22. Ndf3 Qf7 23. Qe2 Qh7 24. Nf5 Qxf5 25. Nh4 Qg5 26. Ng2 f5 27. f4 Qg7 28. Qh5 Kh7 29. g4 fxg4 30. hxg4 Bxf4 31. Nxf4 Qxg4+ 32. Qxg4 Rxg4+ 33. Ng2 Rg7 34. R1e3 Kg8 35. Rxh6 1/2-1/2

[Event "Remote email"]
[Site "Remote email"]
[Date "2013.12.06"]
[Round "?"]
[White "Witt, Monika"]
[Black "Berger, Gerhard"]
[Result "0-1"]
[WhiteElo "1478"]
[BlackElo "2054"]
[PlyCount "72"]
[EventDate "2013.??.??"]
[EventType "tourn (corr)"]
[EventRounds "6"]
[EventCountry "GER"]
[SourceTitle "Corr 2015"]
[Source "ChessBase"]
[SourceDate "2015.07.17"]
[SourceVersion "1"]
[SourceVersionDate "2015.07.17"]
[SourceQuality "1"]

1. e4 e5 2. Nf3 Nf6 3. Nxe5 d6 4. Nc4 Nxe4 5. Qe2 Qe7 6. d3 Nf6 7. Qxe7+ Bxe7 8. h3 Nc6 9. c3 Bf5 10. Bg5 d5 11. Bxf6 Bxf6 12. Ne3 Be6 13. d4 0-0-0 14. Be2 Rhe8 15. 0-0 Ne7 16. h4 Nf5 17. h5 Nxe3 18. fxe3 Bg5 19. Rf3 Bg4 20. Rxf7 Bxe2 21. Kh2 Bh6 22. Na3 Bxh5 23. Rf5 Bg6 24. Rf3 Rxe3 25. Nb5 Kb8 26. Raf1 Rxf3 27. Rxf3 a6 28. Na3 Rd6 29. Rf8+ Ka7 30. g3 Rb6 31. b4 Bc1 32. Nb5+ axb5 33. Rg8 Be4 34. Rxg7 Rh6+ 35. Kg1 Be3+ 36. Kf1 Bf3 0-1

[Event "Remote S7E Starter-50 email"]
[Site "Remote email"]
[Date "2013.11.27"]
[Round "?"]
[White "Berger, Gerhard"]
[Black "Kahl, Karl Heinz"]
[Result "0-1"]
[WhiteElo "2054"]
[BlackElo "2129"]
[PlyCount "54"]
[EventDate "2013.??.??"]
[EventType "tourn (corr)"]
[EventRounds "6"]
[EventCountry "GER"]
[SourceTitle "Corr 2015"]
[Source "ChessBase"]
[SourceDate "2015.07.17"]
[SourceVersion "1"]
[SourceVersionDate "2015.07.17"]
[SourceQuality "1"]

1. c4 Nf6 2. Nc3 e5 3. Nf3 Nc6 4. g3 Bb4 5. Bg2 0-0 6. 0-0 e4 7. Ng5 Bxc3 8. bxc3 Re8 9. Qc2 Qe7 10. d3 exd3 11. exd3 d6 12. Bd2 Bf5 13. Rfe1 Qd7 14. Bf4 Ne5 15. Bxe5 dxe5 16. Rad1 Rad8 17. Qb3 b6 18. Nf3 Bg4 19. Rxe5 Rxe5 20. Nxe5 Bxd1 21. Qxd1 Qd6 22. f4 c5 23. Qf3 Qe7 24. a4 Nd7 25. Qb7 Kf8 26. Bd5 Nxe5 27. Qxe7+ Kxe7 0-1

[Event "Remote S7E Starter-43 email"]
[Site "Remote email"]
[Date "2013.03.03"]
[Round "?"]
[White "Quinones Borda, Jorge Victor"]
[Black "Berger, Gerhard"]
[Result "1-0"]
[WhiteElo "1954"]
[BlackElo "2132"]
[PlyCount "39"]
[EventDate "2013.??.??"]
[EventType "tourn (corr)"]
[EventRounds "6"]
[EventCountry "GER"]
[SourceTitle "Corr 2015"]
[Source "ChessBase"]
[SourceDate "2015.07.17"]
[SourceVersion "1"]
[SourceVersionDate "2015.07.17"]
[SourceQuality "1"]

1. d4 Nf6 2. Nf3 e6 3. Bf4 d5 4. c3 Be7 5. Nbd2 Nh5 6. Be5 f6 7. Bg3 Nc6 8. e3 Nxg3 9. hxg3 e5 10. dxe5 fxe5 11. e4 dxe4 12. Nxe4 Bf5 13. Qc2 Qd7 14. Rd1 Qe6 15. Bd3 Bg4 16. Bb5 Qxa2 17. 0-0 0-0 18. Neg5 Bf5 19. Qe2 Kh8 20. Bc4 1-0